000 00620nam a2200241Ia 4500
001 dia_1950
003 CHAP
005 20230621142941.0
008 220117s1969 xx 000 0 und d
010 _a172486
040 _cCHAP
082 _a633.73 C67
100 _aCoste, Rene
_928505
245 _aEl Café /
_c por Rene Coste
260 _aBarcelona :
_b Blume,
_c1969
300 _a285 p.
400 _aCOLECCIÓN AGRICULTURA TROPICAL
650 _a1.Café
_9148906
901 _a633.73 C67
902 _aM
905 _a0000001969 BARX 0000000000ESP00
942 _cLIBRO
_2ddc
999 _c172486
_d172486